000 00566nam a2200157 a 4500
001 000045537
005 20201002052313.0
008 150414s1967 dr 000 0 spa d
040 _aDO-SdBNP
_bspa
_cBNPHU
082 _axxxxxxxx
_bxxxxxxxx
245 0 0 _aPrestamos hipotecario para viviendas /
_ctraducción Francisco Díaz Morales.
260 _aSanto Domingo :
_bInstituto Americano de Banca,
_c1967.
300 _a393 p. : ;
_c21 cm.
500 _aIncluye referencias bibliográficas y notas al pie de las páginas
700 1 _aDíaz Morales, Francisco,
_etr.
_923980
999 _c45026
_d45026